000
00518nam a2200181Ia 4500
008
090123s9999 xx 000 0 und d
082
_b
42694
100
_a
टोळ दत्ता श्री
245
_a
धाडसी बालके
250
_a
1
260
_c
1999
300
_a
36
600
_a
टोळ दत्ता श्री
630
_a
धाडसी बालके
700
_a
टोळ दत्ता श्री
730
_a
धाडसी बालके
942
_c
BOOK
999
_c
80771
_d
80771